Methods for delimitation of the flow area by micro-tapping and radio-isotopes (Record no. 62867)

MARC details
000 -LEADER
fixed length control field 00423nam a2200157Ia 4500
100 ## - MAIN ENTRY--AUTHOR NAME
Personal name Lustinec J
245 #0 - TITLE STATEMENT
Title Methods for delimitation of the flow area by micro-tapping and radio-isotopes
260 ## - PUBLICATION, DISTRIBUTION, ETC. (IMPRINT)
Name of publisher Planters Bulletin
Year of publication 1965
300 ## - PHYSICAL DESCRIPTION
Number of Pages 144-149
650 ## - SUBJECT ADDED ENTRY--TOPICAL TERM
Topical Term Micro-tapping
650 ## - SUBJECT ADDED ENTRY--TOPICAL TERM
Topical Term Radio-isotopes
650 ## - SUBJECT ADDED ENTRY--TOPICAL TERM
Topical Term Rubber
700 ## - ADDED ENTRY--PERSONAL NAME
Personal name Resing W L
942 ## - ADDED ENTRY ELEMENTS (KOHA)
Koha item type Journals
Holdings
Withdrawn status Lost status Damaged status Not for loan Home library Current library Shelving location Date acquired Serial Enumeration / chronology Koha item type
      Journals RRII Library RRII Library Rubber chemistry 17/12/2021 Volume 80, Issue Journals